Evaluación y propuesta de mejora para la Planta Hidroeléctrica Cacao
Sparad:
| Huvudupphovsman: | |
|---|---|
| Övriga upphovsmän: | |
| Materialtyp: | Bok |
| Språk: | Spanish |
| Publicerad: |
San José, Costa Rica
2015
|
| Ämnen: | |
| Taggar: |
Lägg till en tagg
Inga taggar, Lägg till första taggen!
|
MARC
| LEADER | 00000nam a22000007a 4500 | ||
|---|---|---|---|
| 003 | 012235 | ||
| 005 | 20230725154059.0 | ||
| 008 | 150806b2015 C a|||| |||| 00| 0 spa d | ||
| 040 | |c cru CEDI | ||
| 090 | |a TFG 7400 | ||
| 100 | |9 994 |a Peraza Quirós, Christian | ||
| 245 | |a Evaluación y propuesta de mejora para la Planta Hidroeléctrica Cacao | ||
| 260 | |a San José, Costa Rica |b 2015 | ||
| 500 | |a Proyecto de graduación (licenciatura en ingeniería mecánica)--Universidad de Costa Rica. Facultad de Ingeniería. Escuela de Ingeniería Mecánica | ||
| 650 | |x CENTRALES ELECTRICAS |x PLANTA HIDROELECTRICA CACAO |x EMPRESA DE SERVICIOS PUBLICOS DE HEREDIA |9 996 | ||
| 700 | |a Alfaro Santamaría, Marianela, 1979- |d Directora del TFG |9 995 | ||
| 942 | |c TFG | ||
| 999 | |c 13939 |d 13939 | ||
